[Event "Match"]
[Site "www.echecsemail.com"]
[Date "2016.05.15"]
[Round "1"]
[White "Mdesouza"]
[Black "Pimpampum"]
[WhiteElo "2260"]
[BlackElo "1619"]
[Result "1-0"]
[Round "1"]
1.e4 d5
2.exd5 Qd8xd5
3.Nb1c3 Qd5d6
4.d4 Ng8f6
5.Ng1f3 Bc8g4
6.Bf1e2 c6
7.O-O e6
8.g3 Nb8d7
9.Bc1f4 Qd6b4
10.Qd1d2 Bf8d6
11.Nf3e5 Bg4xe2
12.Qd2xe2 Bd6xe5
13.dxe5 Nf6d5
14.Nc3e4 O-O
15.c3 Qb4a5
16.Rf1d1 Nd5xf4
17.gxf4 Nd7b6
18.c4 c5
19.Rd1d3 Nb6xc4
20.Rd3h3 b5
21.Ne4f6 gxf6
22.exf6 Rf8d8
23.Qe2e4 Kf8
24.Rh3xh7 Ke8
25.Qe4c6 { resign }
1-0

[Event "Match"]
[Site "www.echecsemail.com"]
[Date "2016.05.15"]
[Round "1"]
[White "Pare123"]
[Black "Snickers"]
[WhiteElo "1930"]
[BlackElo "1809"]
[Result "1/2-1/2"]
[Round "1"]
1.c4 e6
2.Nb1c3 d5
3.cxd5 exd5
4.d4 Ng8f6
5.h3 Bf8d6
6.Ng1f3 c6
7.e3 Bc8f5
8.Bf1e2 O-O
9.O-O Nf6e4
10.Nc3xe4 Bf5xe4
11.Nf3d2 Be4g6
12.Nd2f3 Nb8d7
13.a3 Nd7f6
14.Nf3h4 Rf8e8
15.Nh4xg6 hxg6
16.Bc1d2 Nf6e4
17.Be2d3 Ne4xd2
18.Qd1xd2 Qd8d7
19.b4 a6
20.Rf1e1 Ra8d8
21.f4 Qd7c7
22.Qd2f2 Re8e7
23.Re1e2 Rd8e8
24.Ra1e1 Qc7d7
25.f5 gxf5
26.Bd3xf5 Qd7c7
27.Qf2h4 g6
28.Bf5d3 Bd6g3
29.Qh4f6 Re7e6
30.Qf6f3 Bg3xe1
31.Re2xe1 Kg7
32.g4 Re6f6
33.Qf3g2 Rf6e6
34.Qg2f2 Re6f6
35.Qf2g2 Rf6e6
36.Qg2f2 Re6f6
37.Qf2g2 { draw }
1/2-1/2

[Event "Match"]
[Site "www.echecsemail.com"]
[Date "2016.05.15"]
[Round "1"]
[White "Elogic"]
[Black "Shihchuliao"]
[WhiteElo "1770"]
[BlackElo "2080"]
[Result "0-1"]
[Round "1"]
1.b3 e5
2.e4 a6
3.Bc1b2 d6
4.Bf1c4 Ng8f6
5.Nb1c3 b5
6.Bc4d3 Bc8b7
7.f3 g6
8.a4 c6
9.axb5 cxb5
10.b4 Bf8g7
11.Ng1e2 d5
12.exd5 Nf6xd5
13.O-O O-O
14.Nc3xd5 Bb7xd5
15.Ne2c3 Qd8b6
16.Kh1 Bd5b7
 { time }
0-1

[Event "Match"]
[Site "www.echecsemail.com"]
[Date "2016.05.15"]
[Round "1"]
[White "Elogic"]
[Black "Carazo"]
[WhiteElo "1740"]
[BlackElo "1860"]
[Result "0-1"]
[Round "1"]
1.e4 e5
2.Ng1f3 Nb8c6
3.Bf1c4 h6
4.O-O Ng8f6
5.d3 Bf8c5
6.Nb1c3 O-O
7.a3 d6
8.b4 Bc5d4
9.Nf3xd4 Nc6xd4
10.Nc3a2 b5
11.Bc4d5 Ra8b8
12.c3 Nd4e6
13.Bd5xe6 Bc8xe6
14.Bc1e3 Rb8a8
15.Na2c1 a5
16.Nc1e2 a4
17.Ne2g3 Be6b3
18.Qd1d2 Ra8a6
 { time }
0-1

[Event "Match"]
[Site "www.echecsemail.com"]
[Date "2016.05.15"]
[Round "1"]
[White "Azorau"]
[Black "Ditto"]
[WhiteElo "1900"]
[BlackElo "1620"]
[Result "1/2-1/2"]
[Round "1"]
1.Ng1f3 d5
2.d4 Nb8c6
3.g3 Bc8f5
4.a3 e6
5.Bf1g2 g6
6.O-O Bf8g7
7.Bc1g5 Ng8f6
8.Nb1d2 O-O
9.Nd2b3 Qd8d6
10.Nb3c5 Ra8b8
11.Qd1d2 Nf6e4
12.Bg5f4 Qd6e7
13.Qd2e3 Ne4xc5
14.dxc5 d4
15.Qe3d2 Qe7xc5
16.Bf4xc7 Rb8c8
17.Bc7f4 Qc5xc2
18.Ra1c1 Qc2a4
19.Bf4d6 Rf8d8
20.Bd6f4 e5
21.Bf4g5 Rd8e8
22.Nf3h4 Bf5e6
23.Nh4f3 Be6f5
24.Bg5h6 Bg7f6
25.Bh6g5 Bf6g7
26.Nf3h4 Bf5e6
27.Bg5h6 Bg7f6
28.Bh6g5 { draw }
1/2-1/2

[Event "Match"]
[Site "www.echecsemail.com"]
[Date "2016.05.15"]
[Round "1"]
[White "Plymouth"]
[Black "Guidom"]
[WhiteElo "2040"]
[BlackElo "2030"]
[Result "0-1"]
[Round "1"]
1.e4 e5
2.Ng1f3 Nb8c6
3.Nb1c3 d6
4.d4 Bc8g4
5.Bf1b5 exd4
6.Qd1xd4 Bg4xf3
7.Bb5xc6 bxc6
 { time }
0-1

[Event "Match"]
[Site "www.echecsemail.com"]
[Date "2016.05.15"]
[Round "1"]
[White "Gilliere"]
[Black "Darknight"]
[WhiteElo "1990"]
[BlackElo "1710"]
[Result "1-0"]
[Round "1"]
1.d4 d5
2.c4 e6
3.c5 b6
4.cxb6 axb6
5.e3 Ng8f6
6.Nb1c3 Bf8b4
7.Bc1d2 c6
8.a3 Bb4d6
9.Ng1f3 Nb8d7
10.Bf1e2 h6
11.O-O Qd8c7
12.b4 b5
13.h3 g5
14.Nf3e1 h5
15.g3 h4
16.g4 Nf6e4
17.Nc3xe4 dxe4
18.f4 f5
19.gxf5 exf5
20.fxg5 Nd7f8
21.Bd2c3 Rh8h7
22.Ne1g2 Bc8e6
23.Ng2f4 Be6d7
24.Be2h5 Kd8
25.d5 c5
26.Bc3f6 Kc8
27.Nf4g6 Kb7
28.Ng6xf8 Ra8xf8
29.g6 Rf8g8
30.Kh1 Rh7h6
31.Bf6g5 Rh6h8
32.bxc5 Bd6xc5
33.Ra1c1 Qc7d6
34.Bg5f4 Qd6b6
35.Qd1b3 Rh8xh5
36.d6 Rg8xg6
37.Qb3d5 Ka6
38.Qd5xc5 Qb6xc5
39.Rc1xc5 Kb6
40.Rc5c7 Rh5h7
41.Rf1g1 Rg6xg1
42.Kxg1 Rh7f7
43.Rc7c2 Rf7g7
44.Rc2g2 Rg7xg2
45.Kxg2 Ka5
46.Bf4e5 Ka4
47.Be5f6 Kxa3
48.Bf6xh4 b4
49.Bh4f6 b3
50.h4 Bd7e8
51.Kg3 Kb4
52.Kf4 Kc4
53.Kxf5 Kd3
54.h5 Kxe3
55.h6 Kf3
56.h7 e3
57.h8Q Be8d7
58.Kg5 e2
59.Qh8h5 Ke3
60.Bf6d4 Kd2
61.Bd4f2 b2
62.Qh5h1 Bd7a4
63.Qh1b1 Kc3
64.Bf2e1 Kb3
65.Kf6 Ka3
66.Ke7 Ba4b3
67.d7 Bb3a2
68.Qb1xb2 Kxb2
69.d8Q Ba2c4
70.Qd8d2 Ka3
71.Qd2b4 Ka2
72.Qb4xc4 { resign }
1-0

[Event "Match"]
[Site "www.echecsemail.com"]
[Date "2016.05.15"]
[Round "1"]
[White "Plymouth"]
[Black "Vitoriccardo"]
[WhiteElo "2040"]
[BlackElo "1930"]
[Result "0-1"]
[Round "1"]
1.Ng1f3 d5
2.d4 e6
3.c3 c5
4.e3 Qd8b6
5.Qd1b3 Qb6xb3
6.axb3 Ng8f6
7.Bf1b5 Bc8d7
 { time }
0-1

[Event "1/32 Finale"]
[Site "www.chess-mail.com"]
[Date "2016.05.15"]
[Round "1"]
[White "Buchauer"]
[Black "Osopanda"]
[WhiteElo "2379"]
[BlackElo "1930"]
[Result "1-0"]
[Round "1"]
1.e4 c5
2.Ng1f3 d6
3.d4 cxd4
4.Nf3xd4 Ng8f6
5.Nb1c3 a6
6.Bc1e3 e5
7.Nd4b3 Bc8e6
8.f3 Nb8d7
9.g4 Bf8e7
10.Qd1d2 O-O
11.g5 Nf6h5
12.O-O-O b5
13.Nc3d5 Be6xd5
14.exd5 Ra8c8
15.Nb3a5 Nd7b6
16.Na5c6 Qd8d7
17.Be3xb6 Nh5f4
18.h4 Nf4xd5
19.Nc6xe7 Nd5xe7
20.Bf1h3 Ne7f5
21.Qd2d3 g6
22.Bh3xf5 Qd7xf5
23.Qd3xf5 gxf5
24.Rd1xd6 e4
25.fxe4 fxe4
26.Rh1e1 Rc8c4
27.b3 Rc4c3
28.Bb6d4 Rc3c7
29.Rd6xa6 Rf8c8
30.c3 Rc7d7
31.Re1xe4 b4
32.Ra6c6 Rc8a8
33.cxb4 f5
34.Re4f4 Ra8xa2
35.b5 Ra2e2
36.Rc6c8 Kf7
37.Rf4xf5 Kg6
38.Rf5f4 Rd7d5
39.Rc8c6 { resign }
1-0

[Event "1/32 Finale"]
[Site "www.chess-mail.com"]
[Date "2016.05.15"]
[Round "1"]
[White "Julian"]
[Black "Mitja"]
[WhiteElo "2070"]
[BlackElo "1920"]
[Result "0-1"]
[Round "1"]
1.e4 d5
2.exd5 Qd8xd5
3.Nb1c3 Qd5d8
4.d4 e6
5.Ng1f3 c6
6.Bf1d3 h6
7.O-O Ng8f6
8.Bc1f4 Nb8d7
9.Rf1e1 Bf8e7
10.Nf3e5 Nd7b6
11.Ne5g4 Qd8xd4
12.Ng4xf6 Be7xf6
13.Nc3e4 Qd4xb2
14.Ra1b1 Qb2xa2
15.Ne4xf6 gxf6
16.Bf4c7 Nb6d5
17.Bc7d6 Qa2a5
18.c4 Nd5e7
19.c5 Qa5d8
20.Qd1f3 Ne7d5
21.Bd3c4 Nd5b6
22.cxb6 Qd8xd6
23.Qf3xf6 Rh8g8
24.bxa7 Ra8xa7
25.Rb1d1 Qd6e7
26.Qf6d4 Qe7g5
27.g3 Ra7a5
28.f4 Qg5e7
29.Qd4b6 Ra5c5
30.Bc4f1 Rc5f5
31.Bf1h3 Rf5xf4
32.Re1e2 Rf4b4
33.Qb6a7 Qe7c7
34.Qa7e3 Rb4h4
35.Kg2 Rh4h5
36.Re2d2 Rh5d5
37.Rd2xd5 cxd5
38.Qe3xh6 Qc7c2
39.Rd1d2 Qc2e4
40.Kg1 Qe4e1
41.Bh3f1 Rg8g6
42.Qh6h8 Kd7
43.Rd2e2 Qe1c1
44.Re2f2 Ke7
45.Qh8h4 Kf8
46.Qh4b4 Kg7
47.Qb4d4 Kg8
48.Qd4h4 Qc1c7
49.Bf1d3 Rg6g7
50.Qh4f6 b6
51.Rf2f4 Bc8b7
52.Rf4h4 b5
53.Kf1 Qc7c1
54.Kf2 Qc1d2
55.Kg1 Qd2e3
56.Kg2 Qe3g5
57.Qf6xg5 Rg7xg5
58.Rh4b4 Bb7c6
59.h4 Rg5e5
60.Rb4g4 Kf8
61.Rg4b4 f5
62.Kf2 Kf7
63.g4 fxg4
64.Rb4xg4 Bc6e8
65.Bd3g6 Ke7
66.h5 Be8xg6
67.hxg6 Kf8
68.g7 Kg8
69.Rg4b4 Kxg7
70.Rb4xb5 Kf6
71.Kf3 Re5f5
72.Ke3 Ke5
73.Rb5b8 d4
74.Ke2 Ke4
75.Rb8b4 e5
76.Rb4a4 Rf5h5
77.Kf2 Rh5h2
78.Kg3 Rh2b2
79.Ra4a8 d3
80.Ra8d8 Ke3
81.Rd8e8 e4
82.Re8d8 d2
{ resign }
0-1

[Event "Eq:La Taverne-Royal chess : "]
[Site "www.chess-mail.com"]
[Date "2016.05.15"]
[Round "1"]
[White "Emmanuel69"]
[Black "Elogic"]
[WhiteElo "1830"]
[BlackElo "1850"]
[Result "1-0"]
[Round "1"]
1.c4 g6
2.d4 d5
3.e3 c5
4.dxc5 e6
5.cxd5 Bf8xc5
6.Nb1c3 exd5
7.Qd1xd5 Qd8xd5
8.Nc3xd5 Bc5d6
9.Ng1f3 Nb8c6
10.a3 Bc8e6
11.Nd5c3 Ng8f6
12.Nc3b5 O-O-O
13.Nf3d4 Bd6c5
14.Nd4xe6  { time }
1-0

[Event "Fast Game"]
[Site "www.echecsemail.com"]
[Date "2016.05.15"]
[Round "1"]
[White "Norwich"]
[Black "Cal"]
[WhiteElo "1579"]
[BlackElo "1560"]
[Result "0-1"]
[Round "1"]
1.Ng1f3 d5
2.g3 Nb8c6
3.d4 h6
4.Bf1g2 Ng8f6
5.O-O e6
6.Nb1d2 a6
7.Nd2b3 b6
8.h3 Bf8d6
9.a3 O-O
10.c3 Bc8b7
11.Nb3d2 Nc6a5
12.b4 Na5c4
13.Nd2xc4 dxc4
14.Rf1e1 Nf6e4
15.Qd1c2 Qd8f6
16.Bc1b2 b5
17.a4 bxa4
18.Ra1xa4 Qf6g6
19.Nf3d2 Ra8a7
20.b5 c6
21.bxa6 Bb7xa6
22.Qc2xe4 Rf8c8
23.Qe4xg6 fxg6
24.Nd2xc4 Bd6c7
25.Re1a1 Bc7d8
26.Ra4xa6 Ra7xa6
27.Ra1xa6 h5
28.Nc4e5 Bd8g5
29.f4 Bg5f6
30.Ra6xc6 Rc8b8
31.Bb2a3 Rb8b1
 { time }
0-1

[Event "Fast Game"]
[Site "www.echecsemail.com"]
[Date "2016.05.15"]
[Round "1"]
[White "Esperanza"]
[Black "Derfel83"]
[WhiteElo "1599"]
[BlackElo "1610"]
[Result "1-0"]
[Round "1"]
1.e4 e6
2.d4 d5
3.Nb1c3 Ng8f6
4.e5 Nf6d7
5.f4 c5
6.Ng1f3 a6
7.Bc1e3 Nb8c6
8.Qd1d2 cxd4
9.Nf3xd4 Bf8e7
10.Bf1e2 O-O
11.O-O b5
12.Nd4xc6 { resign }
1-0

[Event "Tourn. n8728"]
[Site "www.chess-mail.com"]
[Date "2016.05.16"]
[Round "1"]
[White "Attatroll"]
[Black "Elogic"]
[WhiteElo "1940"]
[BlackElo "1860"]
[Result "1-0"]
[Round "1"]
1.e4 e6
2.d4 d5
3.Nb1c3 Bf8b4
4.exd5 Qd8xd5
5.Ng1f3 c5
6.Bc1e3 Bb4xc3
7.bxc3 Bc8d7
8.c4 Qd5e4
9.Bf1d3 Qe4g4
10.O-O Bd7c6
11.Nf3e1 Qg4xd1
12.Ra1xd1 cxd4
13.Be3xd4 f6
14.f3 Ng8e7
15.c3 b6
16.Ne1c2 e5
17.Bd4f2 Nb8d7
18.Nc2b4 O-O
19.Nb4xc6 Ne7xc6
20.Bd3xh7 Kxh7
21.Rd1xd7 Nc6a5
22.c5 bxc5
23.Bf2xc5 Rf8c8
24.Bc5b4 Na5c6
25.Rf1d1 Nc6xb4
26.cxb4 Rc8c2
27.a4  { time }
1-0

[Event "Tourn. n8695"]
[Site "www.chess-mail.com"]
[Date "2016.05.16"]
[Round "1"]
[White "Sargentoabel"]
[Black "Bojan"]
[WhiteElo "1809"]
[BlackElo "2000"]
[Result "0-1"]
[Round "1"]
1.e4 e5
2.Ng1f3 d6
3.d4 exd4
4.Nf3xd4 h6
5.Nb1c3 Bc8d7
6.Bc1f4 Bf8e7
7.e5 dxe5
8.Bf4xe5 Ng8f6
9.Qd1f3 Nb8c6
10.Nd4xc6 Bd7xc6
11.Bf1b5 Bc6xb5
12.Nc3xb5 O-O
13.O-O c6
14.Nb5c7 Ra8c8
15.Ra1d1 Nf6d7
16.Qf3f5 Rc8xc7
17.Be5xc7 Qd8xc7
18.Qf5xd7 Rf8c8
19.Rf1e1 Qc7xd7
20.Rd1xd7 Be7f6
21.Rd7xb7 Bf6d4
22.Re1e7 f5
23.c3 Bd4f6
24.Re7c7 Rc8d8
25.Rc7d7 Rd8e8
26.Kf1 f4
27.Rb7xa7 Re8b8
28.Ra7b7 Rb8a8
29.Rb7a7 Ra8b8
30.Rd7b7 Rb8d8
31.Ke2 Rd8d6
32.a4 Kh7
33.a5 Bf6e5
 { time }
0-1

[Event "Tourn. n8746"]
[Site "www.chess-mail.com"]
[Date "2016.05.16"]
[Round "1"]
[White "Ipswich"]
[Black "Cal"]
[WhiteElo "1550"]
[BlackElo "1550"]
[Result "0-1"]
[Round "1"]
1.Ng1f3 d5
2.d4 h6
3.e3 a6
4.c4 dxc4
5.Bf1xc4 e6
6.Nb1c3 Ng8f6
7.O-O Nb8c6
8.Bc4b3 Bc8d7
 { time }
0-1

[Event "Tourn. n8714"]
[Site "www.chess-mail.com"]
[Date "2016.05.16"]
[Round "1"]
[White "Maredocla"]
[Black "Mars91"]
[WhiteElo "2100"]
[BlackElo "2020"]
[Result "0-1"]
[Round "1"]
1.f4 Ng8f6
2.Ng1f3 c5
3.b3 g6
4.Bc1b2 Bf8g7
5.e3 O-O
6.Bf1d3 d5
7.O-O Bc8g4
8.h3 Bg4xf3
9.Qd1xf3 Nb8c6
10.f5 Qd8d6
11.Nb1c3 a6
12.a3 Ra8c8
13.Ra1b1 Nc6e5
14.Qf3e2 b5
15.Qe2e1 Ne5xd3
16.cxd3 e5
 { time }
0-1

[Event "Match"]
[Site "www.echecsemail.com"]
[Date "2016.05.16"]
[Round "1"]
[White "Paco"]
[Black "Snickers"]
[WhiteElo "1840"]
[BlackElo "1809"]
[Result "0-1"]
[Round "1"]
1.e4 c5
2.Bf1c4 e6
3.Ng1f3 d6
4.Nb1c3 Ng8f6
5.d4 cxd4
6.Nf3xd4 Bf8e7
7.Qd1f3 O-O
8.O-O Nb8d7
9.Qf3g3 Nd7e5
10.Bc1h6 Ne5g6
11.f4 d5
12.e5 dxc4
13.Ra1d1 Nf6d5
14.Nc3xd5 exd5
15.f5 gxh6
16.fxg6 hxg6
17.h4 Be7xh4
18.Qg3e3 Bh4g5
19.e6 Bg5xe3
20.Kh1 Be3xd4
21.exf7 Rf8xf7
{ resign }
0-1

[Event "Match"]
[Site "www.echecsemail.com"]
[Date "2016.05.16"]
[Round "1"]
[White "Pinehill"]
[Black "Snickers"]
[WhiteElo "2060"]
[BlackElo "1809"]
[Result "0-1"]
[Round "1"]
1.e4 Ng8f6
2.Nb1c3 e5
3.Ng1f3 Nb8c6
4.Bf1c4 Bf8e7
5.O-O d6
6.Rf1e1 O-O
7.d4 exd4
8.Nf3xd4 Bc8d7
9.Bc1e3 Nf6g4
10.Nd4xc6 bxc6
11.Be3f4 Ra8b8
12.h3 Ng4f6
13.Bc4b3 Bd7e6
14.f3 c5
15.Qd1e2 Qd8d7
16.Nc3d5 Be6xd5
17.exd5 Rf8e8
18.c4 Be7f8
19.Qe2d3 Re8xe1
20.Ra1xe1 Rb8e8
21.Re1xe8 Qd7xe8
22.Bb3c2 g6
23.Bf4g5 Bf8g7
24.b3 h6
25.Bg5xf6 Bg7xf6
26.Kf1 Bf6d4
27.h4 Qe8e5
28.Qd3e2 Qe5h2
29.Ke1 Bd4c3
30.Kf2 Qh2xh4
31.Kf1 Qh4h1
32.Kf2 Bc3d4
33.Kg3 g5
34.Qe2e4 Bd4e5
35.Kf2 Qh1h2
36.Qe4g4 Be5d4
37.Kf1 Qh2g1
38.Ke2 Qg1e3
39.Kd1 Bd4c3
40.Bc2h7 Kg7
{ resign }
0-1

[Event "Match"]
[Site "www.echecsemail.com"]
[Date "2016.05.16"]
[Round "1"]
[White "Vitoriccardo"]
[Black "Elogic"]
[WhiteElo "1910"]
[BlackElo "1800"]
[Result "1-0"]
[Round "1"]
1.e4 e6
2.d4 d5
3.Nb1c3 Bf8b4
4.e5 Bb4xc3
5.bxc3 Ng8e7
6.Ng1f3 Nb8d7
7.c4 dxc4
8.Bf1xc4 O-O
9.Bc4d3 g6
10.Bc1h6 Rf8e8
11.Qd1d2 b6
12.Bd3e4 c6
13.c4 f5
14.Be4d3 Bc8b7
15.Nf3g5 Ne7c8
16.Qd2f4 c5
17.d5 exd5
18.e6 d4
19.O-O Nd7f6
20.Bd3xf5 Nf6h5
21.Qf4e5 gxf5
22.Qe5xf5 Qd8e7
23.Rf1e1 Nc8d6
24.Qf5e5 Nd6xc4
25.Qe5e2 Nh5f4
26.Qe2g4 Nf4g6
27.Ng5f7 Bb7c8
28.Bh6g5 Bc8xe6
29.Nf7h6  { time }
1-0

[Event "Match"]
[Site "www.echecsemail.com"]
[Date "2016.05.16"]
[Round "1"]
[White "Raulazo"]
[Black "Watford"]
[WhiteElo "1920"]
[BlackElo "1570"]
[Result "1-0"]
[Round "1"]
1.e4 Ng8f6
2.Nb1c3 e5
3.Bf1c4 Bf8c5
4.h3 d6
5.Ng1f3 O-O
6.O-O a6
7.a3 Nb8c6
8.d4 exd4
9.Nc3e2 Nf6xe4
10.Bc4d5 Ne4f6
11.Bd5xc6 bxc6
12.Ne2xd4 Bc8d7
13.Nd4e2 h6
14.b4 Bc5b6
15.Bc1e3 Bb6xe3
16.fxe3 a5
17.Qd1d2 axb4
18.Qd2xb4 Nf6d5
19.Qb4d4 Rf8e8
20.e4 Nd5b6
21.Ne2f4 Bd7e6
22.Nf4h5 f6
23.Qd4c3 c5
24.Nf3h4 Be6f7
25.Nh5g3  { time }
1-0

[Event "Match"]
[Site "www.echecsemail.com"]
[Date "2016.05.16"]
[Round "1"]
[White "Maredocla"]
[Black "Difficult"]
[WhiteElo "2080"]
[BlackElo "1890"]
[Result "0-1"]
[Round "1"]
1.f4 d5
2.Ng1f3 g6
3.e3 Bf8g7
4.d4 c6
5.Bc1d2 Ng8f6
6.Nb1c3 O-O
7.Bf1d3 Bc8g4
8.h3 Bg4xf3
9.Qd1xf3 e6
10.g4 Nb8d7
11.h4 c5
12.h5 cxd4
13.exd4 Qd8b6
14.h6 Bg7h8
15.O-O-O Qb6xd4
16.Bd2e3 Qd4b4
17.g5 Nf6e8
18.Qf3f2 Ra8c8
19.a3 Qb4d6
20.Nc3b5 Qd6e7
21.Nb5xa7 Rc8a8
22.Na7b5 Ne8d6
23.Be3d2 Nd6xb5
24.Bd3xb5 Ra8xa3
25.Bd2c3 Ra3xc3
26.Bb5xd7 Rc3c7
27.Bd7a4 Rf8a8
 { time }
0-1

[Event "Match"]
[Site "www.echecsemail.com"]
[Date "2016.05.16"]
[Round "1"]
[White "B0zata"]
[Black "Chtoubidou"]
[WhiteElo "1799"]
[BlackElo "1970"]
[Result "1-0"]
[Round "1"]
1.e4 d6
2.d4 Ng8f6
3.Nb1c3 e5
4.dxe5 dxe5
5.Qd1xd8 Kxd8
6.Bc1g5 Bf8b4
7.Bg5xf6 gxf6
8.O-O-O Ke8
9.Nc3d5 Bb4d6
10.c4 Nb8d7
11.b4 a5
12.c5 c6
13.cxd6 cxd5
14.Rd1xd5 axb4
15.Kb2 Nd7b6
16.Rd5b5 Nb6a4
17.Kb3 Bc8d7
18.Rb5xb4 Na4c5
19.Kb2 Bd7e6
20.Bf1b5 Kd8
21.a4 Be6d7
22.Ng1e2 Bd7xb5
23.Rb4xb5 Nc5xa4
24.Kb3 Kd7
25.Rh1d1 Ra8a7
26.f4 Rh8g8
27.g3 Rg8c8
28.fxe5 Na4c5
29.Kb2 Nc5xe4
30.exf6 Ne4xf6
31.Rd1f1 Nf6e4
32.Rf1xf7 Kxd6
33.Rb5b6 Kc5
34.Rf7xb7 Ne4d2
35.Rb6b5 Kc6
36.Ne2d4 Kd6
37.Rb7xa7 { resign }
1-0

[Event "Match"]
[Site "www.echecsemail.com"]
[Date "2016.05.16"]
[Round "1"]
[White "Elogic"]
[Black "Caspito"]
[WhiteElo "1800"]
[BlackElo "1750"]
[Result "0-1"]
[Round "1"]
1.c4 e5
2.e3 d5
3.d4 e4
4.Nb1c3 Bf8b4
5.Bc1d2 Ng8f6
6.Qd1a4 Nb8c6
7.c5 Bc8d7
8.a3 Nc6xd4
9.Qa4d1 Bb4xc3
10.Bd2xc3 Nd4e6
11.Bc3xf6 Qd8xf6
12.b4 O-O
13.Bf1e2 c6
14.h4 b6
15.cxb6 axb6
16.g4 Qf6c3
 { time }
0-1

[Event "Match"]
[Site "www.echecsemail.com"]
[Date "2016.05.16"]
[Round "1"]
[White "Milkyway"]
[Black "Maredocla"]
[WhiteElo "1809"]
[BlackElo "2140"]
[Result "1-0"]
[Round "1"]
1.d4 d5
2.Bc1f4 Nb8c6
3.e3 Ng8f6
4.Ng1f3 Bc8g4
5.Bf1e2 g6
6.h3 Bg4f5
7.c3 Bf8g7
8.O-O h6
9.Nb1d2 a6
10.Nf3e5 Nf6e4
11.Ne5xc6 bxc6
12.Be2f3 O-O
13.Nd2b3 g5
14.Bf4g3 Qd8d7
15.Bf3xe4 Bf5xe4
16.Nb3c5 Qd7d8
17.Qd1e2 Qd8c8
18.Rf1d1 a5
19.b3 Rf8e8
20.Nc5xe4 dxe4
21.c4  { time }
1-0

[Event "Match"]
[Site "www.echecsemail.com"]
[Date "2016.05.16"]
[Round "1"]
[White "Neo"]
[Black "Elogic"]
[WhiteElo "1790"]
[BlackElo "1750"]
[Result "1-0"]
[Round "1"]
1.d4 e6
2.e3 c5
3.c3 cxd4
4.cxd4 Ng8f6
5.g3 d5
6.Bf1g2 Nb8c6
7.Ng1f3 Nf6e4
8.O-O Bf8d6
9.Nb1c3 Ne4xc3
10.bxc3 Bc8d7
11.a4 O-O
12.Ra1b1 b6
13.Bc1d2 f6
14.Nf3h4 g5
15.Nh4f3 h5
16.h4  { time }
1-0

[Event "Match"]
[Site "www.echecsemail.com"]
[Date "2016.05.16"]
[Round "1"]
[White "Elogic"]
[Black "Pinehill"]
[WhiteElo "1850"]
[BlackElo "2120"]
[Result "0-1"]
[Round "1"]
1.e4 d5
2.c3 dxe4
3.Qd1a4 Nb8c6
4.Qa4xe4 Ng8f6
5.Qe4c2 e5
6.b4 Bf8d6
7.Bf1c4 O-O
8.Ng1e2 g6
9.O-O Bc8f5
10.d3 Rf8e8
11.Qc2b3 Re8e7
12.Bc1g5 Re7d7
13.a4 e4
14.dxe4 Bf5xe4
15.a5 Bd6e5
16.b5 Nc6b8
17.f3 Be4d3
18.Bc4xd3 Rd7xd3
19.Bg5xf6 Qd8xf6
20.Qb3c4 Qf6d6
21.Nb1a3 Nb8d7
22.f4 Be5g7
 { time }
0-1

[Event "1/32 Finale"]
[Site "www.chess-mail.com"]
[Date "2016.05.16"]
[Round "1"]
[White "Vogue"]
[Black "Snoopy"]
[WhiteElo "2430"]
[BlackElo "2369"]
[Result "0-1"]
[Round "1"]
1.c4 b6
2.Nb1c3 e6
3.e4 Bc8b7
4.g3 f5
5.Bf1g2 Ng8f6
6.d3 Bf8b4
7.Ng1e2 fxe4
8.a3 Bb4xc3
9.Ne2xc3 d5
10.dxe4 d4
11.Nc3b5 Bb7xe4
12.Bg2xe4 Nf6xe4
 { time }
0-1

[Event "1/128 Finale"]
[Site "www.chess-mail.com"]
[Date "2016.05.16"]
[Round "1"]
[White "Claudia"]
[Black "Maredocla"]
[WhiteElo "999"]
[BlackElo "2100"]
[Result "1-0"]
[Round "1"]
1.d4 d5
2.c4 c6
3.Nb1c3 dxc4
4.a4 Bc8d7
5.a5 Bd7e6
6.e4 Ng8f6
7.Ng1f3 Nb8d7
8.Nf3g5 b5
9.d5 Be6g4
10.f3 Bg4h5
11.dxc6 Nd7e5
12.Qd1xd8  { time }
1-0

[Event "1/128 Finale"]
[Site "www.chess-mail.com"]
[Date "2016.05.16"]
[Round "1"]
[White "Towerbridge"]
[Black "Picifarkinca"]
[WhiteElo "1560"]
[BlackElo "1720"]
[Result "0-1"]
[Round "1"]
1.e4 c6
2.d4 d5
3.exd5 cxd5
4.c4 e6
5.Nb1c3 Ng8f6
6.Ng1f3 dxc4
7.Bf1xc4 Qd8c7
8.Qd1e2 a6
9.O-O Bf8e7
10.Bc1g5 O-O
11.Ra1c1 b5
12.Bc4b3 Bc8b7
13.Nc3xb5 Qc7a5
14.Bg5xf6 Be7xf6
 { time }
0-1

[Event "Tourn. n8736"]
[Site "www.chess-mail.com"]
[Date "2016.05.17"]
[Round "1"]
[White "Julian"]
[Black "Snickers"]
[WhiteElo "2100"]
[BlackElo "2110"]
[Result "1-0"]
[Round "1"]
1.e4 c5
2.Ng1f3 Nb8c6
3.c3 d6
4.d4 cxd4
5.cxd4 Ng8f6
6.Bf1d3 g6
7.O-O Bf8g7
8.Rf1e1 O-O
9.Nb1c3 Bc8g4
10.h3 Bg4xf3
11.Qd1xf3 Nc6xd4
12.Qf3d1 a6
13.Bc1e3 Nd4c6
14.f4 Qd8c7
{ time. }
1-0

[Event "Tourn. n8690"]
[Site "www.chess-mail.com"]
[Date "2016.05.17"]
[Round "1"]
[White "Milkyway"]
[Black "Gearoidmac"]
[WhiteElo "2269"]
[BlackElo "2309"]
[Result "1-0"]
[Round "1"]
1.d4 e6
2.c4 Ng8f6
3.Nb1c3 Bf8b4
4.e3 O-O
5.Bf1d3 d5
6.Ng1e2 dxc4
7.Bd3xc4 c5
8.O-O cxd4
9.exd4 Nb8c6
10.a3  { time }
1-0

[Event "Tourn. n8702"]
[Site "www.chess-mail.com"]
[Date "2016.05.17"]
[Round "1"]
[White "Tonino1"]
[Black "Milkyway"]
[WhiteElo "2210"]
[BlackElo "2269"]
[Result "1-0"]
[Round "1"]
1.d4 e6
2.Ng1f3 d5
3.e3 Ng8f6
4.Bf1d3 c5
5.b3 Nb8c6
6.a3 Bf8d6
7.Bc1b2 O-O
8.Nb1d2 b6
9.O-O Bc8b7
10.Nf3e5 cxd4
11.exd4 Qd8c7
12.f4 Nc6e7
13.g4 Nf6d7
14.g5 Ne7g6
15.Qd1g4 Bd6xe5
16.fxe5 a6
17.h4 Rf8e8
18.h5 Ng6f8
19.g6 fxg6
20.hxg6 Nf8xg6
{ time. }
1-0

[Event "Tourn. n8696"]
[Site "www.chess-mail.com"]
[Date "2016.05.17"]
[Round "1"]
[White "Gatrooper"]
[Black "Olddog55"]
[WhiteElo "1560"]
[BlackElo "1590"]
[Result "0-1"]
[Round "1"]
1.e4 e5
2.a3 Nb8c6
3.Ng1f3 Ng8f6
4.Nb1c3 d5
5.exd5 Nf6xd5
6.Nc3xd5 Qd8xd5
7.d3 e4
8.dxe4 Qd5xe4
9.Bf1e2 Bc8f5
10.O-O Ra8d8
11.Be2d3 Qe4a4
12.Rf1e1 Bf8e7
13.Bc1d2 Bf5e6
14.b3 Qa4g4
15.h3 Qg4h5
16.Bd3e2 Qh5g6
17.Be2d3 Be6f5
18.Bd3xf5 Qg6xf5
19.Qd1e2 Qf5xc2
20.Ra1d1 O-O
21.Rd1c1 Qc2xb3
22.Rc1b1 Qb3c2
23.Re1c1 Qc2a4
24.Bd2c3 Be7xa3
25.Rb1a1 Nc6b4
26.Qe2e5 f6
27.Qe5e6 Rf8f7
28.Rc1e1 Nb4c2
29.Re1e4 Qa4b5
30.Ra1f1 Kf8
31.Nf3d4 Nc2xd4
32.Bc3xd4 Rf7e7
33.Qe6g4 f5
34.Re4f4 Re7f7
35.Qg4h4 Rd8d6
36.Rf1d1 h6
37.Rd1e1 g5
38.Qh4h5 gxf4
39.Bd4a1 Ba3c5
40.Qh5e2 Qb5a4
41.Qe2b2 Bc5d4
42.Qb2e2 Bd4xa1
43.Qe2f3 c5
44.Qf3e2 Kg7
45.Qe2f1 Rd6g6
46.Re1xa1 Qa4e4
47.f3 Qe4d4
48.Kh1 Kh7
49.Ra1d1 Qd4b2
50.g4 fxg4
51.fxg4 Qb2e5
52.Rd1e1 Qe5d5
53.Kh2 f3
54.Re1e3 Rg6f6
55.Re3d3 Qd5e5
56.Kg1 f2
57.Kg2 Qe5e1
58.Qf1xe1 fxe1Q
59.Rd3f3 Rf6xf3
60.h4 Qe1f2
61.Kh1 Rf3h3
{ resign }
0-1

[Event "Tourn. n8734"]
[Site "www.chess-mail.com"]
[Date "2016.05.17"]
[Round "1"]
[White "Francesco"]
[Black "Elogic"]
[WhiteElo "1970"]
[BlackElo "1870"]
[Result "1-0"]
[Round "1"]
1.e4 e6
2.d4 d5
3.exd5 Qd8xd5
4.c4 Qd5e4
5.Bc1e3 Bf8b4
6.Nb1c3 Bb4xc3
7.bxc3 Ng8e7
8.Bf1d3 Qe4xg2
9.Qd1f3 Qg2xf3
10.Ng1xf3 b6
11.Bd3e4 Nb8c6
12.Rh1g1 g6
13.O-O-O f5
14.Be4c2 Bc8b7
15.Nf3g5 Nc6a5
16.Ng5xe6 Kd7
17.d5 Na5xc4
18.Be3f4  { time }
1-0

[Event "Tourn. n8746"]
[Site "www.chess-mail.com"]
[Date "2016.05.17"]
[Round "1"]
[White "Ipswich"]
[Black "Claudia"]
[WhiteElo "1550"]
[BlackElo "1499"]
[Result "0-1"]
[Round "1"]
1.d4 d5
2.c4 e6
3.Nb1c3 Bf8e7
4.cxd5 exd5
5.e4 dxe4
6.Nc3xe4 Be7b4
7.Ne4c3 Ng8f6
8.Bf1b5 c6
 { time }
0-1

[Event "Tourn. n8724"]
[Site "www.chess-mail.com"]
[Date "2016.05.17"]
[Round "1"]
[White "Faerieking"]
[Black "Prize64"]
[WhiteElo "2280"]
[BlackElo "2250"]
[Result "1/2-1/2"]
[Round "1"]
1.e4 c5
2.Ng1f3 e6
3.d4 cxd4
4.Nf3xd4 Nb8c6
5.Nb1c3 Qd8c7
6.Bf1e2 a6
7.O-O Ng8f6
8.Kh1 Nc6xd4
9.Qd1xd4 Bf8c5
10.Qd4d3 b5
11.Bc1g5 Bc5e7
12.f4 d6
13.Ra1e1 Bc8b7
14.f5 e5
15.Bg5xf6 Be7xf6
16.Nc3d5 Bb7xd5
17.Qd3xd5 O-O
18.c4 b4
19.b3 a5
20.Be2h5 Qc7c5
21.Qd5xc5 dxc5
22.Re1d1 Ra8d8
23.Rd1d5 Rd8xd5
24.cxd5 Bf6e7
25.Bh5e2 f6
26.Be2c4 Be7d6
27.g4 { draw }
1/2-1/2